|
|
|
|
| LEADER |
01307nam a2200277 a 4500 |
| 001 |
1941862 |
| 008 |
090808r20011986njua b 001 0 eng d |
| 010 |
|
|
|a 86186519
|
| 020 |
|
|
|a 0132017997
|a 8120305167
|
| 040 |
|
|
|a DLC
|c DLC
|d DLC
|
| 082 |
0 |
0 |
|a 005.4/3
|2 19
|
| 999 |
|
|
|c 3115
|d 3115
|
| 999 |
|
|
|c 3115
|
| 100 |
1 |
|
|a Bach, Maurice J.
|9 1348
|
| 245 |
1 |
4 |
|a The design of the UNIX operating system /
|c Maurice J. Bach.
|
| 260 |
|
|
|a Englewood Cliffs, N.J.
|a New Delhi :
|b Prentice-Hall,
|c c1986.[Reprinted 2001]
|
| 300 |
|
|
|a xiv, 471 p. :
|b ill. ;
|c 25 cm.
|
| 490 |
0 |
|
|a Prentice-Hall software series
|
| 504 |
|
|
|a Includes Bibliography (p. 454-457) and index.
|
| 541 |
1 |
|
|e 00008999
|
| 630 |
0 |
0 |
|a UNIX (Computer file)
|9 283
|
| 852 |
4 |
|
|a Ayesha Abed Library
|j General shelf
|
| 942 |
|
|
|2 ddc
|c BK
|
| 952 |
|
|
|0 0
|1 0
|2 ddc
|4 0
|6 005_430000000000000_BAC
|7 0
|9 2823
|a BRACUL
|b BRACUL
|c GEN
|d 2009-08-30
|g 0.00
|l 0
|o 005.43 BAC
|p 3010008999
|r 2009-08-30
|t 1
|w 2009-08-30
|y BK
|x No price found in the accession register.
|
| 952 |
|
|
|0 0
|1 0
|2 ddc
|4 0
|6 005_430000000000000_BAC
|7 0
|9 17424
|a BRACUL
|b BRACUL
|c GEN
|d 2011-07-13
|l 2
|m 22
|o 005.43 BAC
|p 3010009000
|r 2022-11-10
|s 2022-03-07
|t 2
|w 2011-07-13
|y BK
|
| 952 |
|
|
|0 0
|1 0
|2 ddc
|4 0
|6 005_430000000000000_BAC
|7 0
|9 19064
|a BRACUL
|b BRACUL
|c GEN
|d 2012-01-05
|l 0
|o 005.43 BAC
|p 3010009001
|r 2012-01-05
|t 3
|w 2012-01-05
|y BK
|